LIBRARY & INFORMATION CENTRE, KCAET, TAVANUR

ONLINE PUBLIC ACCESS CATALOGUE (OPAC)

Normal view MARC view
  • Singh, Vijay P .

Entry Personal Name

Number of records used in: 1

001 - CONTROL NUMBER

  • control field: 2934

003 - CONTROL NUMBER IDENTIFIER

  • control field: OSt

005 - DATE AND TIME OF LATEST TRANSACTION

  • control field: 20180227132712.0

008 - FIXED-LENGTH DATA ELEMENTS

  • fixed length control field: 180227|| aca||aabn | a|a d

040 ## - CATALOGING SOURCE

  • Original cataloging agency: OSt
  • Transcribing agency: OSt

100 ## - HEADING--PERSONAL NAME

  • Personal name: Singh, Vijay P .

670 ## - SOURCE DATA FOUND

  • Source citation: Work cat.: (OSt)13390: Singh, Vijay P ., Elementary hydrology / , 1994.
free website counter